[Event "WJCC U20 Open 2019"]
[Site "New Delhi"]
[Date "2019.10.21"]
[Round "7.21"]
[White "Tabatabaei, M.amin"]
[Black "Amartuvshin, Ganzorig"]
[Result "1-0"]
[WhiteElo "2642"]
[BlackElo "2391"]
[Annotator "TA"]
[PlyCount "115"]
[EventDate "2019.10.15"]
[EventType "swiss"]
[EventCountry "IND"]
[SourceTitle "playchess.com"]
[Source "ChessBase"]
[SourceQuality "1"]

{[%evp 13,115,27,49,45,43,46,53,48,44,33,39,29,25,29,39,42,38,19,50,17,62,69,68,16,57,54,60,43,45,50,39,0,0,0,0,0,0,0,0,0,0,0,0,0,0,0,2,0,0,-71,0,0,18,0,0,0,0,-136,-129,-695,0,0,0,0,0,0,0,0,8,8,8,8,41,68,68,68,79,85,138,42,41,43,39,45,70,14,61,70,124,128,133,158,152,155,145,139,104,12,12,12,29976,29977,29996,29997]} 1. e4 c5 2. Nf3 e6 3. d4 cxd4 4. Nxd4 Nc6 5. Nc3 Qc7 6. g3 a6 7. Bg2 d6 8. Nxc6 {B47: Sicilian: Taimanov: 5 Nc3 Qc7 6 f4, 6 g3 and 6 Be2} bxc6 9. O-O Bb7 (9... Nf6 10. Na4 Bb7 11. c4 c5 12. Nc3 Nd7 13. f4 Be7 14. Be3 O-O 15. Qd2 Rad8 16. Rad1 Nb8 17. g4 Nc6 18. g5 {½-½ (71) So,W (2765)-Movsesian,S (2629) chess.com INT 2019}) 10. b3 {White is slightly better.} Nf6 11. Qe2 Be7 12. Na4 O-O 13. c4 c5 14. Bb2 Nd7 15. f4 Bc6 16. e5 $146 ({Predecessor:} 16. Nc3 Bf6 17. e5 Bxg2 18. Kxg2 dxe5 {0-1 (38) Kasioumis,V (2101)-Poetz,F (2389) Trieste 2019}) 16... Rad8 17. Bxc6 Qxc6 18. Rad1 (18. exd6 $14 Bxd6 19. Rad1) 18... d5 19. cxd5 exd5 20. Qf3 Nb6 21. Nxb6 Qxb6 22. Rxd5 (22. f5 $5 {[%cal Rf5f6]} c4+ 23. Bd4 $14) 22... Rxd5 23. Qxd5 Rd8 24. Qc4 Rd2 25. Rf2 Rd1+ 26. Kg2 Qc6+ 27. Kh3 Qh6+ 28. Kg4 Qg6+ 29. Kf3 h5 30. Re2 Rd3+ 31. Kg2 (31. Kf2 $11 {keeps the balance.}) 31... h4 (31... Qc6+ $17 32. Kh3 (32. Kg1 Qf3 $17) 32... Qf3 $1 {[%mdl 512]}) 32. e6 $11 f6 33. Qxa6 hxg3 34. h3 Qf5 {( -> ...Qd5+)} 35. Qc4 (35. Qb7 $11) 35... g5 $1 $17 {[%cal Rg5f4]} 36. Bc1 $2 {[%mdl 8192] [#]} (36. Qe4 $17 Qxe4+ 37. Rxe4 Rd2+ 38. Kxg3 gxf4+ 39. Kf3 Rxb2 40. Ra4) 36... Rd4 $2 (36... g4 $1 $19 {[%cal Rg4h3]} 37. hxg4 Qh7) 37. Qb5 $11 {Intending Qe8+ and mate.} Qd5+ 38. Kxg3 Kg7 {White must now prevent ...Rd3+.} 39. Qe8 Rd3+ $1 40. Be3 Qxe6 41. Kf2 $1 Qe4 42. Qh5 Rd1 43. Qg4 {[%cal Rf4g5]} f5 44. Qg2 $36 {[%mdl 2048] aiming for Qxe4. White fights for an advantage.} Qb4 45. Qf3 Bd6 {[#]} (45... gxf4 $142 46. Qxf4 (46. Bxf4 Qd4+ 47. Be3 {[%mdl 64] Discovered Attack} Qd6 $16) 46... Qxf4+ 47. Bxf4 Bf6) 46. Kg2 (46. a3 $1 $16 {[%cal Ra3b4]} Qe4 47. Qxe4 fxe4 48. fxg5) 46... gxf4 $14 47. Bf2 Qb5 $1 {Strongly threatening ...Rd3.} 48. a4 {[%cal Ba2a4,Ba4a5][%mdl 32]} Qd7 49. Be1 ({White should play} 49. a5 $14) 49... Qf7 50. a5 {And now Bc3+ would win.} Rb1 ({Better is} 50... c4 $14 51. bxc4 Qxc4 52. Qc3+ Qxc3 53. Bxc3+ Kf7) 51. a6 $16 {Threatens to win with a7!} Rxb3 52. Bc3+ Kh7 {[#]} 53. a7 $1 {[%mdl 512]} Rxc3 (53... Qxa7 54. Qh5+) 54. Qxc3 Qxa7 55. Qf6 (55. Qd3 $16 Qg7+ 56. Kf1 Qa1+ 57. Re1) 55... Qb7+ $11 56. Kg1 Qb1+ $2 {[%mdl 8192]} (56... Qd5 $11) 57. Kf2 Qd3 58. Qf7+ {Accuracy: White = 54%, Black = 55%.} 1-0

[Event "WJCC U20 Open 2019"]
[Site "New Delhi"]
[Date "2019.10.21"]
[Round "7.22"]
[White "Nigmatov, Ortik"]
[Black "Rajdeep Sarkar"]
[Result "1-0"]
[WhiteElo "2494"]
[BlackElo "2384"]
[Annotator "TA"]
[PlyCount "179"]
[EventDate "2019.10.15"]
[EventType "swiss"]
[EventCountry "IND"]
[SourceTitle "playchess.com"]
[Source "ChessBase"]
[SourceQuality "1"]

{[%evp 10,186,47,28,19,17,33,12,22,30,25,16,18,22,12,-10,0,-14,-6,-37,0,-25,7,-90,-82,-85,-76,-104,-93,-114,-78,-93,-71,-72,-75,-74,-72,-79,-75,-74,-74,-170,-172,-162,-164,-175,-172,-149,-151,-156,-143,-136,-108,-82,20,27,22,23,23,27,27,31,45,45,101,101,108,89,100,43,102,102,102,99,95,87,137,144,122,111,107,98,137,144,117,100,79,79,160,185,196,177,170,177,160,141,223,138,229,240,236,191,243,252,381,358,403,392,392,391,301,292,4220,1873,29969,29965,29967,10014,6170,0,5727,5156,3938,235,235,235,235,236,237,236,236,231,231,231,231,231,231,231,231,231,231,231,231,231,231,231,231,231,231,231,231,231,231,231,231,0,231,231,29975,29974,29974,29975,29975,29976,29976,29977,29977,29976,29976,29977,29974,29977,29974,29964,29984,29985,29986,29987,29989]} 1. e4 e5 2. Bc4 Nf6 3. d3 Nc6 4. Nf3 h6 5. O-O d6 6. c3 g5 {C55: Two Knights: 4 d3, 4 d4 exd4 5 e5 and Max Lange Attack} (6... g6 7. a4 Bg7 8. Re1 O-O 9. Nbd2 Re8 10. Nf1 Be6 11. Ng3 d5 12. Bb5 Nd7 13. Bd2 a6 14. Bxc6 bxc6 {½-½ (41) Karjakin,S (2750)-Rapport,R (2747) Saint Louis 2019}) 7. Re1 Bg7 8. d4 g4 {The position is equal.} 9. dxe5 Nd7 $146 ({Predecessor:} 9... gxf3 10. exf6 Bxf6 11. Qxf3 Ne5 12. Qe2 Rg8 13. Kh1 Rxg2 14. Kxg2 {½-½ (59) Cherniaev,A (2401)-Karpatchev,A (2423) Beirut 2019}) 10. Nd4 {Hoping for exd6.} Ndxe5 11. Na3 h5 12. Be2 Bd7 13. Nac2 Qf6 14. Nb5 Kd8 15. Ne3 Ne7 16. c4 (16. Nd4 $11) 16... Qg6 $1 $17 17. Nc3 h4 18. c5 dxc5 19. Ncd5 Nxd5 (19... Qxe4 20. Nxe7 Kxe7 21. Bxg4 $16) 20. Qxd5 {[#]} Nf3+ $1 {[%mdl 512]} 21. Bxf3 (21. gxf3 gxf3+) 21... gxf3 22. e5 Kc8 {White must now prevent ...Bc6.} 23. Qxf3 h3 24. g3 Re8 (24... Bxe5 25. Nd5 $11) 25. Nd5 (25. Bd2 $17) 25... Bc6 $1 $19 ({Weaker is} 25... Bxe5 26. Bf4 $11) 26. Bf4 Qe6 27. Rad1 b6 $1 28. Qb3 Kb7 29. Nc3 Qf5 {[%cal Rg7e5]} 30. Na4 c4 31. Qxc4 Bxe5 (31... Qg4 $17 32. Rd3 (32. Rc1 $2 Qf3 $17) 32... Qe6 33. Qxe6 Rxe6) 32. Rc1 $11 Bxa4 $1 33. Rxe5 {[%mdl 64] Remove Defender} Rxe5 34. Qxc7+ {[%mdl 64] Double Attack} Ka6 35. Qxe5 Qd3 {( -> ...Qf3)} 36. Qc3 Qd5 ({Black should play} 36... Qxc3 $14 37. Rxc3 Re8) 37. f3 $16 Rd8 38. b3 Bb5 39. a4 (39. g4 $16) 39... Bd3 ({Better is} 39... Bd7 $14) 40. b4 Qd4+ 41. Qxd4 Rxd4 {[%mdl 4096] Endgame KRB-KRB} 42. Rd1 Rd5 43. Kf2 Bc4 44. Re1 Rd7 45. g4 Rd4 46. Kg3 Bd5 47. a5 Rxb4 48. axb6 axb6 (48... Kxb6 $142 49. Be3+ Kb7) 49. Re3 $1 b5 50. Be5 $1 Rb1 51. Kxh3 b4 52. Kg3 b3 (52... Kb5 $16 53. h4 Rh1) 53. Re2 Rf1 (53... Kb7 $16 54. h4 Kc6) 54. Rf2 $1 $18 {[%cal Rf2f1]} Re1 55. Kf4 Bc4 (55... Kb5 {was worth a try.} 56. h4 Rh1) 56. Rd2 Be2 (56... Kb5 $142 57. h4 Kc5) 57. Bc3 Kb5 58. Rb2 Rc1 59. Rxb3+ ({Not} 59. Rxe2 Rxc3 60. h4 Rc2 $11) 59... Kc4 60. Bb2 Kxb3 $2 (60... Rh1 61. Rc3+ Kd5) 61. Bxc1 {KB-KB} Kc4 62. Ke4 Bd3+ 63. Ke5 Be2 64. Ke4 Bd3+ 65. Ke3 $1 Bc2 66. f4 $2 (66. h4 Kd5 67. h5) 66... f5 67. g5 {g6 is the strong threat.} Bd1 68. g6 $1 {[%cal Rg6g7] Intending g7 and mate.} Bh5 69. g7 Bf7 70. Kf2 Kd5 71. Kg3 Ke6 72. Bb2 $1 Bg8 73. Kh4 Kf7 74. Kh5 $1 {[%cal Rh5h6] Threatens to win with Kh6.} Bh7 75. h3 {aiming for h4.} Kg8 76. Kg5 $1 ({Don't play} 76. Kh6 Bg6 $18) 76... Bg6 77. h4 Bh7 78. Be5 Bg6 79. Bd4 Bh7 80. Bc3 Bg6 81. Ba1 Bh7 82. Bc3 Bg6 $1 83. h5 Bh7 $2 (83... Bf7 $18 84. h6 Bg6) 84. Bb4 {White mates.} Kf7 {[#]} 85. g8=Q+ $1 Bxg8 {[#]} (85... Kxg8 86. Kh6) 86. Kh6 $1 Kf6 87. Bc3+ Kf7 88. Bb2 Kf8 {[#]} 89. Ba3+ $1 Kf7 {[#]} 90. Bd6 {Played: Ba3-e7} 1-0

[Event "WJCC U20 Open 2019"]
[Site "New Delhi"]
[Date "2019.10.21"]
[Round "7.23"]
[White "Vykouk, Jan"]
[Black "Zlatin, Alexander"]
[Result "0-1"]
[WhiteElo "2468"]
[BlackElo "2263"]
[Annotator "ChessBase"]
[PlyCount "124"]
[EventDate "2019.10.15"]
[EventType "swiss"]
[EventCountry "IND"]
[SourceTitle "playchess.com"]
[Source "ChessBase"]
[SourceQuality "1"]
[TimeControl "40/5400+30:1800+30"]

1. Nf3 {[%emt 0:00:00]} Nf6 {[%emt 0:00:00]} 2. c4 {[%emt 0:00:00]} c6 {[%emt 0:02:55]} 3. g3 {[%emt 0:01:10]} d5 {[%emt 0:00:50]} 4. b3 {[%emt 0:00:12]} e6 {[%emt 0:09:55]} 5. Bg2 {[%emt 0:00:27]} Nbd7 {[%emt 0:00:14]} 6. Bb2 {[%emt 0:00:21]} Bd6 {[%emt 0:00:19]} 7. O-O {[%emt 0:00:30]} O-O {[%emt 0:00:43]} 8. d3 {[%emt 0:00:11]} Re8 {[%emt 0:02:48]} 9. Nbd2 {[%emt 0:00:48]} e5 {[%emt 0:01:45]} 10. Qc2 {[%emt 0:05:50]} a5 {[%emt 0:06:06]} 11. cxd5 {[%emt 0:02:04]} cxd5 {[%emt 0:01:39]} 12. Rac1 {[%emt 0:00:07]} Qe7 {[%emt 0:10:27]} 13. e4 {[%emt 0:00:30]} dxe4 {[%emt 0:01:09]} 14. dxe4 {[%emt 0:00:29]} b5 {[%emt 0:06:20]} 15. Nh4 {[%emt 0:02:06]} g6 {[%emt 0:02:14]} 16. Rfd1 {[%emt 0:03:08]} Bb7 {[%emt 0:05:27]} 17. Nf1 {[%emt 0:00:10]} Bc5 {[%emt 0:01:44]} 18. Qe2 {[%emt 0:04:44]} Qe6 {[%emt 0:06:24]} 19. Rc2 {[%emt 0:21:23]} Qb6 {[%emt 0:01:03]} 20. Bc1 {[%emt 0:00:05]} Rac8 {[%emt 0:03:31]} 21. Be3 {[%emt 0:00:55]} Bxe3 {[%emt 0:02:08]} 22. Nxe3 {[%emt 0:00:06]} Rxc2 {[%emt 0:00:58]} 23. Qxc2 {[%emt 0:00:06]} Nc5 {[%emt 0:02:57]} 24. Nd5 {[%emt 0:02:25]} Bxd5 {[%emt 0:00:50]} 25. exd5 {[%emt 0:00:07]} e4 {[%emt 0:01:03]} 26. Qe2 {[%emt 0:02:37]} Nd3 {[%emt 0:04:19]} 27. Bf1 {[%emt 0:19:44]} Rd8 {[%emt 0:03:59]} 28. Qc2 {[%emt 0:08:46]} Nxd5 {[%emt 0:01:30]} 29. a3 {[%emt 0:00:38]} Ne3 {[%emt 0:09:23]} 30. fxe3 {[%emt 0:00:04]} Qxe3+ {[%emt 0:00:03]} 31. Kh1 {[%emt 0:00:05]} Nf2+ {[%emt 0:00:11]} 32. Qxf2 {[%emt 0:00:04]} Qxf2 {[%emt 0:00:03]} 33. Rxd8+ {[%emt 0:00:05]} Kg7 {[%emt 0:00:02]} 34. Bxb5 {[%emt 0:00:12]} e3 {[%emt 0:02:11]} 35. Re8 {[%emt 0:02:41]} g5 {[%emt 0:00:19]} 36. Ng2 {[%emt 0:05:03]} Qf5 {[%emt 0:00:39]} 37. Rxe3 {[%emt 0:01:11]} Qxb5 {[%emt 0:00:03]} 38. h3 {[%emt 0:00:26]} Qc5 {[%emt 0:00:29]} 39. a4 {[%emt 0:00:40]} f5 {[%emt 0:00:33]} 40. Kh2 {[%emt 0:00:22]} Kf6 {[%emt 0:00:41]} 41. Kh1 {[%emt 0:31:23]} Qc2 {[%emt 0:30:41]} 42. Kg1 {[%emt 0:00:37]} Qd1+ {[%emt 0:01:23]} 43. Kf2 {[%emt 0:01:06]} h6 {[%emt 0:01:17]} 44. h4 {[%emt 0:02:19]} Qd4 {[%emt 0:00:42]} 45. hxg5+ {[%emt 0:00:07]} hxg5 {[%emt 0:00:20]} 46. Ke2 {[%emt 0:01:05]} Kg6 {[%emt 0:00:47]} 47. Ne1 {[%emt 0:05:45]} Qb2+ {[%emt 0:01:53]} 48. Kf1 {[%emt 0:00:25]} Qd2 {[%emt 0:03:43]} 49. Rd3 {[%emt 0:00:40]} Qc1 {[%emt 0:01:24]} 50. Rf3 {[%emt 0:00:22]} f4 {[%emt 0:01:52]} 51. gxf4 {[%emt 0:00:06]} gxf4 {[%emt 0:00:09]} 52. Ke2 {[%emt 0:07:05]} Kf5 {[%emt 0:00:55]} 53. Ng2 {[%emt 0:02:02]} Qc2+ {[%emt 0:00:13]} 54. Kf1 {[%emt 0:00:05]} Qd1+ {[%emt 0:00:18]} 55. Kf2 {[%emt 0:00:52]} Qd2+ {[%emt 0:00:05]} 56. Kg1 {[%emt 0:00:00]} Kg4 {[%emt 0:00:00]} 57. Rf2 {[%emt 0:00:00]} Qc1+ {[%emt 0:00:00]} 58. Rf1 {[%emt 0:00:00]} Qc5+ {[%emt 0:00:00]} 59. Kh2 {[%emt 0:00:00]} Qh5+ {[%emt 0:00:00]} 60. Kg1 {[%emt 0:00:00]} Kg3 {[%emt 0:00:00]} 61. Rf2 {[%emt 0:00:00]} Qd1+ {[%emt 0:00:00]} 62. Rf1 {[%emt 0:00:00]} Qd4+ {[%emt 0:00:00]} 0-1

[Event "WJCC U20 Open 2019"]
[Site "New Delhi"]
[Date "2019.10.21"]
[Round "7.24"]
[White "Rahul Srivatshav P"]
[Black "Kukelko, Alexey"]
[Result "1-0"]
[WhiteElo "2460"]
[BlackElo "2342"]
[Annotator "ChessBase"]
[PlyCount "80"]
[EventDate "2019.10.15"]
[EventType "swiss"]
[EventCountry "IND"]
[SourceTitle "playchess.com"]
[Source "ChessBase"]
[SourceQuality "1"]
[TimeControl "40/5400+30:1800+30"]

1. d4 {[%emt 0:00:00]} d5 {[%emt 0:00:00]} 2. c4 {[%emt 0:00:26]} e6 {[%emt 0:00:13]} 3. Nc3 {[%emt 0:00:06]} c6 {[%emt 0:00:11]} 4. e3 {[%emt 0:00:06]} Nf6 {[%emt 0:01:00]} 5. Nf3 {[%emt 0:00:05]} Nbd7 {[%emt 0:00:12]} 6. Qc2 {[%emt 0:00:05]} Bd6 {[%emt 0:00:21]} 7. Bd3 {[%emt 0:00:06]} O-O {[%emt 0:09:41]} 8. O-O {[%emt 0:00:26]} dxc4 {[%emt 0:07:08]} 9. Bxc4 {[%emt 0:00:49]} e5 {[%emt 0:01:37]} 10. h3 {[%emt 0:07:41]} b5 {[%emt 0:14:33]} 11. Bd3 {[%emt 0:12:42]} Bb7 {[%emt 0:02:10]} 12. dxe5 {[%emt 0:00:29]} Nxe5 {[%emt 0:00:17]} 13. Nxe5 {[%emt 0:00:17]} Bxe5 {[%emt 0:00:04]} 14. e4 {[%emt 0:00:10]} Re8 {[%emt 0:06:55]} 15. Be3 {[%emt 0:19:59]} Qe7 {[%emt 0:13:43]} 16. Ne2 {[%emt 0:08:52]} Bc7 {[%emt 0:01:36]} 17. Bc5 {[%emt 0:05:13]} Qe5 {[%emt 0:00:39]} 18. f4 {[%emt 0:00:19]} Qxc5+ {[%emt 0:00:04]} 19. Qxc5 {[%emt 0:00:04]} Bb6 {[%emt 0:00:03]} 20. Qxb6 {[%emt 0:00:13]} axb6 {[%emt 0:00:04]} 21. e5 {[%emt 0:00:20]} Nd7 {[%emt 0:11:20]} 22. Nd4 {[%emt 0:10:19]} Rad8 23. Rad1 {[%emt 0:01:13]} Nc5 {[%emt 0:14:12]} 24. Be2 {[%emt 0:07:11]} Na4 {[%emt 0:03:17]} 25. Nf5 {[%emt 0:09:52]} Nxb2 26. Rb1 {[%emt 0:02:18]} Na4 {[%emt 0:04:15]} 27. Nd6 {[%emt 0:00:40]} Re7 {[%emt 0:00:02]} 28. Bf3 {[%emt 0:00:38]} Ba8 {[%emt 0:00:36]} 29. Rbc1 {[%emt 0:05:14]} Nc5 {[%emt 0:01:06]} 30. Rfd1 {[%emt 0:00:05]} Red7 {[%emt 0:02:54]} 31. Bg4 {[%emt 0:00:49]} Ne6 {[%emt 0:02:04]} 32. f5 {[%emt 0:00:11]} Nc7 {[%emt 0:00:05]} 33. f6 {[%emt 0:01:40]} Ne6 {[%emt 0:00:03]} 34. fxg7 {[%emt 0:01:34]} Kxg7 {[%emt 0:02:08]} 35. Rc3 {[%emt 0:00:05]} h5 {[%emt 0:04:21]} 36. Bxh5 {[%emt 0:00:58]} c5 {[%emt 0:00:26]} 37. Rf1 {[%emt 0:00:16]} Rf8 {[%emt 0:00:26]} 38. Rg3+ {[%emt 0:00:31]} Kh7 {[%emt 0:00:37]} 39. Bxf7 {[%emt 0:01:03]} Re7 {[%emt 0:00:26]} 40. Rf6 {[%emt 0:00:44]} Nd4 {[%emt 0:00:00]} 1-0

[Event "WJCC U20 Open 2019"]
[Site "New Delhi"]
[Date "2019.10.21"]
[Round "7.25"]
[White "Eugene, Floryan"]
[Black "Davtyan, Artur"]
[Result "1/2-1/2"]
[WhiteElo "2346"]
[BlackElo "2418"]
[Annotator "TA"]
[PlyCount "89"]
[EventDate "2019.10.15"]
[EventType "swiss"]
[EventCountry "IND"]
[SourceTitle "playchess.com"]
[Source "ChessBase"]
[SourceQuality "1"]

{[%evp 17,89,0,0,-3,-3,-10,7,11,10,18,18,16,25,0,0,0,3,0,0,-5,8,-1,-5,-6,0,-10,0,0,0,-10,-8,-39,0,0,0,-8,-8,-8,-8,-8,-8,-8,-8,-8,-8,-8,-8,-8,-8,-8,-8,-8,-8,-8,-8,-30,-8,-8,-8,-8,-8,-8,0,0,0,0,0,0,0,0,0,0,0,0]} 1. e4 e5 2. Nf3 Nc6 3. Nc3 Nf6 4. d4 exd4 5. Nxd4 Bb4 6. Nxc6 bxc6 7. Bd3 O-O ({Predecessor:} 7... d5 8. exd5 cxd5 9. O-O {0-1 (56) Lomasov,S (2549)-Inarkiev,E (2684) Yaroslavl 2018}) 8. O-O d5 9. exd5 cxd5 10. h3 $146 {C47: Scotch Four Knights and Four Knights with 4 g3} (10. Bg5 c6 11. Qf3 Bd6 12. Rae1 Rb8 13. Nd1 h6 14. Bxf6 Qxf6 15. Qxf6 gxf6 16. b3 f5 17. Ne3 f4 18. Nf5 Bxf5 19. Bxf5 Kg7 20. g3 Kf6 21. Bd3 {½-½ (30) Movsesian,S (2654)-Ding,L (2811) Khanty-Mansiysk 2019}) 10... c6 11. Qf3 Rb8 12. Bf4 Bd6 13. b3 Qc7 14. Bxd6 Qxd6 15. Qg3 Qxg3 16. fxg3 Be6 17. Na4 Nd7 18. Rad1 Rfd8 19. Rfe1 h5 20. Kf2 Kf8 21. Rc1 c5 22. Bg6 Bxh3 23. gxh3 fxg6 24. Re6 Rbc8 25. Rd6 d4 26. c3 dxc3 27. Rxc3 Nf6 28. Rxd8+ Rxd8 $11 {[%mdl 4096] Endgame KRN-KRN} 29. Kf3 Rd2 30. Rxc5 Rxa2 31. Rc7 Kg8 32. Rxa7 g5 33. Ra5 g4+ 34. hxg4 hxg4+ 35. Kf4 Kh7 36. Re5 Rf2+ 37. Kg5 {The position is equal.} Rf3 38. Nc5 Rxg3 39. Re7 Rh3 {[#] Hoping for ...Rh5+.} 40. Ne6 Rh5+ 41. Kf4 Kh6 42. Rxg7 Rb5 {Strongly threatening ...Nh5+.} 43. Rf7 Rb4+ 44. Kf5 Nh5 45. Rf8 {Accuracy: White = 64%, Black = 75%.} 1/2-1/2

[Event "WJCC U20 Open 2019"]
[Site "New Delhi"]
[Date "2019.10.21"]
[Round "7.26"]
[White "Tifferet, Shaked"]
[Black "Bharath Subramaniyam H"]
[Result "0-1"]
[WhiteElo "2224"]
[BlackElo "2417"]
[Annotator "NA"]
[PlyCount "80"]
[EventDate "2019.10.15"]
[EventType "swiss"]
[EventCountry "IND"]
[SourceTitle "playchess.com"]
[Source "ChessBase"]
[SourceQuality "1"]
[TimeControl "40/5400+30:1800+30"]

1. e4 {[%emt 0:00:00]} c5 {[%emt 0:00:00]} 2. Nf3 {[%emt 0:00:00]} e6 {[%emt 0:01:14]} 3. d4 {[%emt 0:00:00]} cxd4 {[%emt 0:00:08]} 4. Nxd4 {[%emt 0:00:02]} a6 {[%emt 0:00:08]} 5. c4 {[%emt 0:00:07]} Nf6 {[%emt 0:00:09]} 6. Nc3 {[%emt 0:00:08]} Qc7 {[%emt 0:00:36]} 7. Be2 {[%emt 0:00:31]} Bb4 {[%emt 0:02:15]} 8. Nc2 {[%emt 0:00:30]} Be7 {[%emt 0:00:11]} 9. Be3 {[%emt 0:00:22]} d6 {[%emt 0:01:24]} 10. g4 {[%emt 0:00:06]} h6 {[%emt 0:02:35]} 11. h4 {[%emt 0:00:50]} Nc6 {[%emt 0:01:36]} 12. f3 {[%emt 0:03:24]} Bd7 {[%emt 0:08:57]} 13. Qd2 {[%emt 0:02:41]} Ne5 {[%emt 0:02:38]} 14. b3 {[%emt 0:03:52]} b5 {[%emt 0:06:47]} 15. cxb5 {[%emt 0:23:42]} axb5 {[%emt 0:01:42]} 16. Nxb5 {[%emt 0:13:21]} Nxf3+ {[%emt 0:06:31]} 17. Bxf3 {[%emt 0:02:03]} Bxb5 {[%emt 0:00:08]} 18. Nd4 {[%emt 0:05:29]} Ba6 {[%emt 0:05:39]} 19. e5 {[%emt 0:08:18]} Nd5 {[%emt 0:05:44]} 20. Bxd5 {[%emt 0:01:25]} exd5 {[%emt 0:00:07]} 21. e6 {[%emt 0:00:21]} Bf6 {[%emt 0:05:48]} 22. Rc1 {[%emt 0:04:44]} Qe7 {[%emt 0:01:44]} 23. exf7+ {[%emt 0:03:32]} Qxf7 {[%emt 0:03:35]} 24. Nf5 {[%emt 0:03:32]} O-O {[%emt 0:02:13]} 25. Rh3 {[%emt 0:04:26]} Rae8 {[%emt 0:04:48]} 26. Rf3 {[%emt 0:02:11]} d4 {[%emt 0:01:22]} 27. Nxd4 {[%emt 0:00:25]} Qd5 {[%emt 0:03:26]} 28. Kd1 {[%emt 0:15:17]} Rxe3 {[%emt 0:01:48]} 29. Qxe3 {[%emt 0:02:11]} Bxd4 {[%emt 0:00:20]} 30. Rxf8+ {[%emt 0:00:06]} Kxf8 {[%emt 0:00:05]} 31. Qd2 {[%emt 0:00:21]} Qf3+ {[%emt 0:00:49]} 32. Kc2 {[%emt 0:00:07]} Qe4+ {[%emt 0:00:04]} 33. Kd1 {[%emt 0:00:06]} Bd3 {[%emt 0:01:41]} 34. Qe1 {[%emt 0:02:15]} Be3 {[%emt 0:00:38]} 35. Rc8+ {[%emt 0:00:25]} Kf7 {[%emt 0:00:26]} 36. Rc7+ {[%emt 0:00:20]} Kg8 {[%emt 0:00:36]} 37. Rxg7+ {[%emt 0:00:47]} Kxg7 {[%emt 0:00:10]} 38. Qc3+ {[%emt 0:00:05]} Kg6 {[%emt 0:00:31]} 39. h5+ {[%emt 0:00:11]} Kg5 {[%emt 0:00:08]} 40. Qg7+ {[%emt 0:01:15]} Kh4 {[%emt 0:00:07]} 0-1

[Event "WJCC U20 Open 2019"]
[Site "New Delhi"]
[Date "2019.10.21"]
[Round "7.27"]
[White "Hollan, Martin"]
[Black "Saurabh Anand"]
[Result "1/2-1/2"]
[WhiteElo "2403"]
[BlackElo "2236"]
[Annotator "NA"]
[PlyCount "81"]
[EventDate "2019.10.15"]
[EventType "swiss"]
[EventCountry "IND"]
[SourceTitle "playchess.com"]
[Source "ChessBase"]
[SourceQuality "1"]
[TimeControl "40/5400+30:1800+30"]

1. c4 {[%emt 0:00:00]} e6 {[%emt 0:00:00]} 2. Nf3 {[%emt 0:00:00]} Nf6 {[%emt 0:00:41]} 3. g3 {[%emt 0:00:00]} d5 {[%emt 0:00:15]} 4. Bg2 {[%emt 0:00:00]} dxc4 {[%emt 0:00:39]} 5. Na3 {[%emt 0:00:00]} Bxa3 {[%emt 0:00:21]} 6. bxa3 {[%emt 0:00:06]} Nbd7 {[%emt 0:01:19] A13: English Opening: 1...e6} (6... b5 7. Ne5 Nd5 8. d3 Qf6 9. Bf4 cxd3 10. Nxd3 Nxf4 11. gxf4 c6 12. O-O O-O 13. Qc1 a5 14. Qe3 {0-1 (33) Anton Guijarro,D (2666)-Halkias,S (2571) Riadh 2017}) 7. Bb2 {[%emt 0:01:29]} O-O {[%emt 0:01:46]} 8. Rc1 {[%emt 0:00:05]} c5 {[%emt 0:00:51]} 9. Rxc4 {[%emt 0:01:23]} b5 {[%emt 0:01:01]} 10. Rh4 {[%emt 0:00:27]} Bb7 {[%emt 0:01:10]} 11. Qc2 {[%emt 0:00:23]} Qe7 $146 {[%emt 0:01:20]} ({Predecessor:} 11... h6 $11 {remains equal.} 12. g4 e5 13. Rg1 e4 14. g5 exf3 15. Bxf3 Bxf3 16. gxf6 Nxf6 17. Rxh6 Re8 18. Rxg7+ Kf8 19. Qxc5+ {1-0 (19) Krassowizkij,J (2439)-Baburin,A (2458) Illertissen 2018}) 12. Ne5 {[%emt 0:48:17]} Nxe5 {[%emt 0:13:21]} 13. Bxe5 {[%emt 0:00:09]} Rfb8 {[%emt 0:00:12]} 14. Bxf6 {[%emt 0:12:41]} Qxf6 {[%emt 0:00:18]} 15. Qxh7+ {[%emt 0:00:16]} Kf8 {[%emt 0:00:08]} 16. O-O {[%emt 0:00:21]} Bxg2 {[%emt 0:02:43]} 17. Kxg2 {[%emt 0:00:08]} Rd8 {[%emt 0:07:21]} 18. Rc1 {[%emt 0:04:09]} c4 {[%emt 0:02:26]} 19. Rc3 {[%emt 0:02:41]} g5 {[%emt 0:18:15]} 20. Rh5 {[%emt 0:05:05]} Ke7 {[%emt 0:09:32]} 21. Rf3 {[%emt 0:08:36]} Qg6 {[%emt 0:00:44]} 22. Qxg6 {[%emt 0:00:10]} fxg6 {[%emt 0:00:01]} 23. Rh7+ {[%emt 0:00:53]} Kd6 {[%emt 0:00:10]} 24. Rff7 {[%emt 0:04:15]} a5 {[%emt 0:02:22]} 25. Rc7 {[%emt 0:02:53]} Ra6 {[%emt 0:03:36]} 26. a4 {[%emt 0:01:03]} Rc6 {[%emt 0:01:09]} 27. Rxc6+ {[%emt 0:02:41]} Kxc6 {[%emt 0:00:07]} 28. axb5+ {[%emt 0:00:03]} Kb6 {[%emt 0:01:12]} 29. Re7 {[%emt 0:01:46]} Rxd2 {[%emt 0:00:38]} 30. Rxe6+ {[%emt 0:00:04]} Kxb5 {[%emt 0:00:07]} 31. Re5+ {[%emt 0:03:28]} Kb4 {[%emt 0:01:02]} 32. a3+ {[%emt 0:00:10]} Kxa3 {[%emt 0:01:47]} 33. Rxa5+ {[%emt 0:00:04]} Kb4 {[%emt 0:02:12]} 34. Rxg5 {[%emt 0:02:03]} c3 {[%emt 0:01:13]} 35. Rxg6 {[%emt 0:00:17]} Rd5 {[%emt 0:00:21]} 36. Rg4+ {[%emt 0:01:21]} Kb3 {[%emt 0:00:58]} 37. Rg8 {[%emt 0:00:04]} Rd4 {[%emt 0:01:10]} 38. Rb8+ {[%emt 0:00:44]} Rb4 {[%emt 0:00:09]} 39. Rc8 {[%emt 0:00:06]} Rc4 {[%emt 0:00:09]} 40. Rb8+ {[%emt 0:00:02]} Rb4 {[%emt 0:00:09]} 41. Rc8 {[%emt 0:30:45]} 1/2-1/2